000 00950aab a2200193 i 4500
001 768714001
003 CO-MdFUSB
005 20240313161927.0
008 240313t1999 ck a|||| |||| 00| 0 spa d
040 _bspa
_cCO-MdFUSB
041 _aspa
100 1 _aLópez, Darío
_eautor
245 3 _aLa opción preferencial de Dios por los niños
_c/ Darío López
300 _aVolumen 18, número 4 (octubre - diciembre, 1999), páginas: 22 - 23
_c; 26 cm
520 _aSi Dios tiene una "opción preferencial" por sectores sociales desprotegidos y en riesgo como los niños, vistos como los "sobrantes" del nuevo orden mundial, la iglesia no puede eludir su responsabilidad misionera de velar por la salud integral de todos aquellos que no tienen voz, los débiles y los indefensos.
653 _aNiñez
773 0 _tIglesia y Misión
_049402
_959630
_gVolumen 18, número 4 (octubre - diciembre, 1999), páginas: 22 - 23
_qpáginas: 22
942 _cANA
999 _c52421
_d52421